000 00443nam a2200181Ia 4500
001 325
005 20260306140509.0
008 260306t2007||||xx |||||||||||||| ||spa||
041 _aESP
082 _a101
_bM26 V. 2
100 _aMartínez Contreras, Jorge
_eAUT
245 0 _aEl saber filosófico :
_bsociedad y ciencia
260 _c2007
300 _a492 páginas :
_c28 cm.
650 _aGEN
654 _aCHU
942 _cLIB
_dJUS
_fJUS
_2ddc
_n
999 _c325
_d325